|
|
|
|
| LEADER |
00000cgm a2200000 a 4500 |
| 001 |
030456 |
| 003 |
UAHC_CL |
| 005 |
20190620163613.0 |
| 008 |
080423s1964 xxu 000 u eng |
| 952 |
|
|
|0 0
|1 0
|2 ddc
|4 0
|6 DVD_201
|7 0
|8 COMP
|9 59565
|a BC
|b BC
|c Referencia
|d 2017-08-03
|l 1
|o DVD-201
|p 1361428
|r 2024-12-13 16:44:05
|s 2024-11-26
|t c.1
|w 2017-08-03
|y DVD
|
| 952 |
|
|
|0 0
|1 0
|2 ddc
|4 0
|6 DVD_201
|7 0
|8 COMP
|9 59566
|a BS
|b BS
|c Referencia
|d 2017-08-03
|l 2
|m 1
|o DVD-201
|p 1379137
|r 2022-01-21 00:00:00
|s 2019-08-21
|t c.1
|w 2017-08-03
|y DVD
|
| 999 |
|
|
|c 30456
|d 30456
|
| 040 |
|
|
|a UAHC_CL
|c UAHC_CL
|d UAHC_CL
|
| 245 |
1 |
0 |
|a Bananas
|c Woody Allen.
|
| 260 |
|
|
|a Estados Unidos:
|c 1971,
|b MGM Home Entertainment.
|
| 300 |
|
|
|a 1 videodisco (82 min.)
|
| 520 |
|
|
|a Fielding Mellish es un tímido empleado de Nueva York, que, para impresionar a una activista política de la que está enamorado, termina viajando a la isla de San Marcos, donde encabeza el movimiento contra el dictador local. Sátira dirigida y protagonizada por el Woody Allen de los primeros tiempos, que aprovecha de reírse del mito de las revoluciones tercermundistas y los estereotipos que se han hecho sobre ellas en la cultura de su país. Ojo con Sylvester Stallone en un papel muy pequeño, tiempo antes de que hiciera Rocky y le crecieran músculos.
|
| 650 |
|
4 |
|a CINE
|
| 700 |
1 |
|
|a Allen, Woody
|e dir.
|
| 900 |
|
|
|a DVD-201
|
| 942 |
|
|
|c DVD
|2 ddc
|